| 000 | 01822nam a22004094a 4500 | ||
|---|---|---|---|
| 001 | ebr10217873 | ||
| 003 | CaPaEBR | ||
| 006 | m u | ||
| 007 | cr cn||||||||| | ||
| 008 | 070209s2007 njua sb s001 0 eng | ||
| 010 | _z 2007006029 | ||
| 015 |
_aGBA7A0405 _2bnb |
||
| 016 | 7 |
_z101299144 _2DNLM |
|
| 016 | 7 |
_z014465025 _2Uk |
|
| 020 | _z9780813541877 (hardcover : alk. paper) | ||
| 020 | _z0813541875 (hardcover : alk. paper) | ||
| 020 | _z9780813541884 (pbk. : alk. paper) | ||
| 020 | _z0813541883 (pbk. : alk. paper) | ||
| 040 |
_aCaPaEBR _cCaPaEBR |
||
| 035 | _a(OCoLC)227208946 | ||
| 050 | 1 | 4 |
_aRA1057.55 _b.A76 2007eb |
| 082 | 0 | 4 |
_a614/.10941 _222 |
| 100 | 1 |
_aAronson, Jay D., _d1974- |
|
| 245 | 1 | 0 |
_aGenetic witness _h[electronic resource] : _bscience, law, and controversy in the making of DNA profiling / _cJay D. Aronson. |
| 260 |
_aNew Brunswick : _bRutgers University Press, _cc2007. |
||
| 300 |
_axii, 270 p. : _bill. |
||
| 504 | _aIncludes bibliographical references (p. 245-257) and index. | ||
| 505 | 0 | _aScience for hire -- DNA on trial -- Challenging DNA -- Public science -- The DNA wars -- The debate in Washington -- The DNA wars are over -- The legacy of history. | |
| 533 |
_aElectronic reproduction. _bPalo Alto, Calif. : _cebrary, _d2013. _nAvailable via World Wide Web. _nAccess may be limited to ebrary affiliated libraries. |
||
| 650 | 0 |
_aDNA fingerprinting _zGreat Britain _xHistory. |
|
| 650 | 0 |
_aDNA fingerprinting _zUnited States _xHistory. |
|
| 650 | 0 |
_aForensic genetics _zGreat Britain _xHistory. |
|
| 650 | 0 |
_aForensic genetics _zUnited States _xHistory. |
|
| 655 | 7 |
_aElectronic books. _2local |
|
| 710 | 2 | _aebrary, Inc. | |
| 856 | 4 | 0 |
_uhttp://site.ebrary.com/lib/rucke/Doc?id=10217873 _zAn electronic book accessible through the World Wide Web; click to view |
| 999 |
_c129540 _d129540 |
||